[Event "ODJM B 2023"]
[Site "Willingen GER"]
[Date "2023.05.28"]
[Round "1"]
[White "Borgmann, Simon"]
[Black "Schöne, Finn"]
[Result "0-1"]
[Termination "normal"]
[Board "44"]
[WhiteElo "1543"]
[BlackElo "1411"]
[PlyCount "88"]
[WhiteFideId "16234677"]
[BlackFideId "34623493"]
[EventCountry "GER"]
[EventRounds "9"]
[EventType "swiss"]
[EventDate "2023.05.27"]

1. d4 d5 2. Nf3 Nf6 3. e3 e6 4. Bd3 c5 5. b3 cxd4 6. Nxd4 e5 7. Nf3 Nc6 8. Be2
Bf5 9. a3 Bc5 10. Bb2 Qc7 11. Nbd2 a6 12. O-O Rd8 13. Qc1 O-O 14. c3 Rfe8 15.
h3 Ba7 16. Re1 Re7 17. Nh4 Bc8 18. Nhf3 Bf5 19. Nh4 Bc8 20. Nhf3 Rde8 21. b4
Qd8 22. Nb3 h6 23. Qc2 Qd6 24. Nh4 e4 25. g3 Bxh3 26. Rad1 g5 27. Ng2 g4 28.
Nf4 Ne5 29. Nd4 Bxd4 30. cxd4 Ng6 31. Ng2 Rc7 32. Qd2 Rec8 33. Rc1 h5 34. Rxc7
Rxc7 35. Rc1 Nh7 36. Rxc7 Qxc7 37. Qc3 Qd8 38. b5 axb5 39. Bxb5 Ng5 40. Kh1 Nf3
41. Be2 h4 42. Bxf3 gxf3 43. Nxh4 Nxh4 44. gxh4 Qxh4 0-1

[Event "ODJM B 2023"]
[Site "Willingen GER"]
[Date "2023.05.28"]
[Round "1"]
[White "Schirmer, Sara"]
[Black "Wang, Simon"]
[Result "0-1"]
[Termination "normal"]
[Board "45"]
[WhiteElo "1406"]
[BlackElo "1483"]
[PlyCount "88"]
[WhiteFideId "16297580"]
[BlackFideId "34605398"]
[EventCountry "GER"]
[EventRounds "9"]
[EventType "swiss"]
[EventDate "2023.05.27"]

1. e4 c6 2. Nf3 d5 3. exd5 cxd5 4. d4 Nc6 5. Bf4 Bf5 6. c3 Nf6 7. Nbd2 e6 8.
Be2 Bd6 9. Bxd6 Qxd6 10. O-O O-O 11. Nh4 Bg6 12. Nxg6 hxg6 13. Bd3 Kh7 14. Re1
Rh8 15. Nf3 Kg8 16. Qd2 Ng4 17. h3 Nf6 18. Re2 Rc8 19. Rae1 Nd7 20. Qg5 Rh5 21.
Qd2 Nb6 22. Ng5 Re8 23. Nf3 Nc4 24. Qc2 Rh6 25. Bxc4 dxc4 26. Ne5 Nxe5 27. Rxe5
Rh5 28. Qa4 Qc6 29. Qxa7 Rxe5 30. Rxe5 b6 31. a3 f6 32. Re2 Kf8 33. d5 Qxd5 34.
Qxb6 Qd1+ 35. Kh2 Qxe2 36. f3 Qe5+ 37. Kg1 Qb8 38. Qc5+ Kf7 39. a4 Qxb2 40.
Qxc4 Qb6+ 41. Kh1 Ra8 42. Qd3 Qc7 43. Qb5 Rb8 44. Qa6 Rb1+ 0-1

[Event "ODJM B 2023"]
[Site "Willingen GER"]
[Date "2023.05.28"]
[Round "1"]
[White "Kauth, Lukas Michael"]
[Black "Claussen, Alexander"]
[Result "1-0"]
[Termination "normal"]
[Board "46"]
[WhiteElo "1315"]
[BlackElo "1430"]
[PlyCount "59"]
[WhiteFideId "16272994"]
[BlackFideId "16248910"]
[EventCountry "GER"]
[EventRounds "9"]
[EventType "swiss"]
[EventDate "2023.05.27"]

1. d4 e6 2. Nc3 f5 3. Bf4 Bb4 4. Qd3 Nf6 5. a3 Bxc3+ 6. Qxc3 d6 7. e3 Nbd7 8.
Bd3 b6 9. Bc4 Bb7 10. f3 Qe7 11. O-O-O O-O-O 12. Ne2 Rhe8 13. Bg5 h6 14. Bxf6
Nxf6 15. Nf4 Nd5 16. Bxd5 exd5 17. Rhe1 g5 18. Nd3 Qf7 19. Nb4 Re7 20. Nc6 Bxc6
21. Qxc6 Rde8 22. Rd3 Kb8 23. a4 f4 24. a5 Rxe3 25. Rexe3 Rxe3 26. a6 Kc8 27.
Rxe3 fxe3 28. Kd1 g4 29. Ke2 Qf4 30. Qe8# 1-0

[Event "ODJM B 2023"]
[Site "Willingen GER"]
[Date "2023.05.28"]
[Round "1"]
[White "Golke, Philipp"]
[Black "Eitel, Luc"]
[Result "1-0"]
[Termination "normal"]
[Board "47"]
[WhiteElo "1374"]
[BlackElo "1424"]
[PlyCount "53"]
[WhiteFideId "34625259"]
[BlackFideId "16299728"]
[EventCountry "GER"]
[EventRounds "9"]
[EventType "swiss"]
[EventDate "2023.05.27"]

1. e4 c5 2. Nf3 d6 3. d4 cxd4 4. Nxd4 Nf6 5. Nc3 a6 6. Be3 e5 7. Nb3 Nbd7 8. f3
Be7 9. Qd2 b5 10. Bd3 Bb7 11. a3 Rc8 12. O-O O-O 13. f4 Ng4 14. Kh1 Nxe3 15.
Qxe3 exf4 16. Qxf4 Nc5 17. Nxc5 dxc5 18. Rad1 Qb6 19. Nd5 Bxd5 20. exd5 c4 21.
d6 Bf6 22. Bf5 Rcd8 23. c3 Rfe8 24. d7 Re5 25. Rfe1 Qc5 26. Rxe5 Bxe5 27. Qh4
1-0

[Event "ODJM B 2023"]
[Site "Willingen GER"]
[Date "2023.05.28"]
[Round "1"]
[White "Link, Moritz"]
[Black "Neumeier, Konstantin"]
[Result "1/2-1/2"]
[Termination "normal"]
[Board "48"]
[WhiteElo "1589"]
[BlackElo "1413"]
[PlyCount "42"]
[WhiteFideId "34605924"]
[BlackFideId "34608230"]
[EventCountry "GER"]
[EventRounds "9"]
[EventType "swiss"]
[EventDate "2023.05.27"]

1. e4 e5 2. Nf3 Nc6 3. Bc4 Nf6 4. d4 exd4 5. e5 d5 6. Bb5 Ne4 7. Nxd4 Bd7 8.
Bxc6 bxc6 9. O-O Bc5 10. f3 Ng5 11. f4 Ne4 12. Be3 O-O 13. Nd2 Nxd2 14. Qxd2
Qe7 15. Rae1 Bxd4 16. Qxd4 Rfd8 17. f5 Re8 18. Bf2 Bxf5 19. Qc3 Qe6 20. Bc5 Qg6
21. Rf3 Be4 1/2-1/2

[Event "ODJM B 2023"]
[Site "Willingen GER"]
[Date "2023.05.28"]
[Round "1"]
[White "Kutz, Paul Matti"]
[Black "Müller, Sophie Charlotte"]
[Result "0-1"]
[Termination "normal"]
[Board "49"]
[WhiteElo "1537"]
[BlackElo "1442"]
[PlyCount "116"]
[WhiteFideId "16296265"]
[BlackFideId "16246683"]
[EventCountry "GER"]
[EventRounds "9"]
[EventType "swiss"]
[EventDate "2023.05.27"]

1. e4 d6 2. d4 Nf6 3. Nc3 g6 4. Nf3 Bg7 5. Bc4 O-O 6. Be3 Bg4 7. Qd2 Bxf3 8.
gxf3 Nc6 9. h4 h5 10. Bh6 e5 11. Rg1 Nxd4 12. O-O-O Nxf3 13. Qe3 Nxg1 14. Rxg1
Ng4 15. Qg5 Bxh6 16. Rxg4 Bxg5+ 17. Rxg5 Kg7 18. Be2 Kh6 19. Nd5 c6 20. Ne3 b5
21. Bxh5 Qxg5 22. hxg5+ Kxg5 23. Be2 f5 24. Nf1 f4 25. Nh2 Rh8 26. Nf3+ Kf6 27.
Kd2 g5 28. Ne1 Rag8 29. f3 a6 30. Nd3 Rh2 31. Ke1 Rh7 32. Nf2 Ra8 33. Ng4+ Ke6
34. Bd3 c5 35. b3 Rc8 36. c4 b4 37. Bf1 a5 38. Nf2 Rch8 39. Ke2 Rh2 40. Ke1 Ke7
41. Ke2 R8h7 42. Ke1 R7h4 43. Be2 Rg2 44. Bf1 Rg1 45. Ke2 Rh2 46. Ke1 Rg3 47.
Ke2 g4 48. Ke1 Rxf3 49. Nxg4 Rh1 50. Nf2 Re3+ 51. Kd2 Rxf1 52. Nd1 Ree1 53. Nb2
f3 54. a3 Re2+ 55. Kd3 Rxb2 56. axb4 axb4 57. Ke3 Re2+ 58. Kd3 Rd1# 0-1

[Event "ODJM B 2023"]
[Site "Willingen GER"]
[Date "2023.05.28"]
[Round "1"]
[White "Fettig, Konrad"]
[Black "Sensoy, Emir"]
[Result "1/2-1/2"]
[Termination "normal"]
[Board "50"]
[WhiteElo "1601"]
[BlackElo "1418"]
[PlyCount "147"]
[WhiteFideId "34622888"]
[BlackFideId "34607390"]
[EventCountry "GER"]
[EventRounds "9"]
[EventType "swiss"]
[EventDate "2023.05.27"]

1. e4 c5 2. Nf3 d6 3. d4 cxd4 4. Nxd4 Nf6 5. Nc3 g6 6. Bc4 Bg7 7. O-O O-O 8.
Be3 Nc6 9. Nf3 Bg4 10. Be2 Rc8 11. h3 Bxf3 12. Bxf3 Ne5 13. Be2 a6 14. Bd3 d5
15. exd5 Nxd5 16. Bd4 Nxc3 17. Bxc3 Nxd3 18. Bxg7 Kxg7 19. cxd3 Qb6 20. Qe2 e6
21. Rac1 Rfd8 22. Rc2 Qd4 23. Rd1 Rxc2 24. Qxc2 e5 25. Qc3 Qxc3 26. bxc3 b5 27.
Kf1 Rc8 28. Rc1 Kf6 29. Ke2 Ke6 30. c4 f5 31. Rb1 Rb8 32. a4 b4 33. a5 Kd6 34.
Kd2 Kc5 35. Kc2 Re8 36. Re1 e4 37. dxe4 Kxc4 38. e5 Re6 39. f4 b3+ 40. Kb2 Kb4
41. Rd1 Kxa5 42. Kxb3 Kb5 43. g4 Kc5 44. gxf5 gxf5 45. Rd7 Rh6 46. Rd3 Rh4 47.
Re3 Rxf4 48. e6 Rb4+ 49. Kc3 Rb8 50. Re5+ Kd6 51. Rxf5 Rc8+ 52. Kd4 Kxe6 53.
Rh5 Rd8+ 54. Ke4 Re8 55. Rxh7 Kf6+ 56. Kf4 Ra8 57. Rh6+ Kg7 58. Kg5 a5 59. Rc6
a4 60. Rc7+ Kg8 61. Rc1 a3 62. h4 Rb8 63. Kg6 a2 64. Ra1 Rb6+ 65. Kf5 Rb2 66.
Rg1+ Kh7 67. Ra1 Rg2 68. Ke4 Kg6 69. Kd3 Kh5 70. Kc3 Kxh4 71. Kb3 Kg4 72. Rxa2
Rg3+ 73. Kb4 Kf5 74. Ra5+ 1/2-1/2

[Event "ODJM B 2023"]
[Site "Willingen GER"]
[Date "2023.05.28"]
[Round "1"]
[White "Kanno, Clara Yumi"]
[Black "Reuter, Luca Marek"]
[Result "1/2-1/2"]
[Termination "normal"]
[Board "52"]
[WhiteElo "1358"]
[BlackElo "1570"]
[PlyCount "52"]
[WhiteFideId "16259661"]
[BlackFideId "16226712"]
[EventCountry "GER"]
[EventRounds "9"]
[EventType "swiss"]
[EventDate "2023.05.27"]

1. d4 f5 2. Bf4 Nf6 3. h3 g6 4. Nf3 Bg7 5. e3 O-O 6. Nbd2 d6 7. Be2 Nc6 8. c4
Qe8 9. d5 e5 10. dxe6 h6 11. Rb1 Bxe6 12. O-O Qf7 13. a3 Kh8 14. Qc2 Rae8 15.
Rfd1 g5 16. Bh2 Ne4 17. Rf1 Nxd2 18. Nxd2 Ne5 19. c5 dxc5 20. Qxc5 b6 21. Qc2
f4 22. exf4 Bf5 23. Qd1 Bxb1 24. fxg5 Bf5 25. Bc4 Be6 26. Be2 Bf5 1/2-1/2

[Event "ODJM B 2023"]
[Site "Willingen GER"]
[Date "2023.05.28"]
[Round "1"]
[White "Prokscha, Charlotte"]
[Black "Kraus, Linus"]
[Result "0-1"]
[Termination "normal"]
[Board "53"]
[WhiteElo "1367"]
[BlackElo "1532"]
[PlyCount "42"]
[WhiteFideId "34614699"]
[BlackFideId "34629629"]
[EventCountry "GER"]
[EventRounds "9"]
[EventType "swiss"]
[EventDate "2023.05.27"]

1. d4 e6 2. Bf4 d5 3. e3 c5 4. c3 Nf6 5. Nf3 Bd6 6. Bg3 b6 7. dxc5 Bxg3 8. hxg3
bxc5 9. Bd3 Nc6 10. Nbd2 O-O 11. Qc2 h6 12. b3 Bb7 13. O-O-O Rc8 14. c4 Nb4 15.
Qb1 Qa5 16. Qb2 Ne4 17. Bxe4 dxe4 18. Ne5 Qc7 19. Ng4 f5 20. Nxh6+ gxh6 21.
Rxh6 Qg7 0-1

[Event "ODJM B 2023"]
[Site "Willingen GER"]
[Date "2023.05.28"]
[Round "2"]
[White "Wilmink, Luca"]
[Black "Blome, Johannes"]
[Result "0-1"]
[Termination "normal"]
[Board "1"]
[WhiteElo "1530"]
[BlackElo "1849"]
[WhiteClock "00:03:20"]
[BlackClock "00:06:14"]
[PlyCount "76"]
[WhiteFideId "16245253"]
[BlackFideId "16233972"]
[EventCountry "GER"]
[EventRounds "9"]
[EventType "swiss"]
[EventDate "2023.05.27"]

1. e4 {[%clk 01:30:59]} c5 {[%clk 01:30:55]} {[%emt 00:00:06]} 2. Nf3 {[%clk
01:30:16]} {[%emt 00:01:13]} a6 {[%clk 01:31:20]} {[%emt 00:00:05]} 3. d4
{[%clk 01:29:08]} {[%emt 00:01:38]} cxd4 {[%clk 01:30:32]} {[%emt 00:01:18]} 4.
Nxd4 {[%clk 01:25:35]} {[%emt 00:04:03]} Nf6 {[%clk 01:30:56]} {[%emt
00:00:05]} 5. Nc3 {[%clk 01:24:40]} {[%emt 00:01:25]} e5 {[%clk 01:31:18]}
{[%emt 00:00:07]} 6. Nf3 {[%clk 01:24:05]} {[%emt 00:01:06]} Bb4 {[%clk
01:31:40]} {[%emt 00:00:08]} 7. Bd2 {[%clk 01:16:59]} {[%emt 00:07:37]} O-O
{[%clk 01:30:46]} {[%emt 00:01:23]} 8. Bd3 {[%clk 01:09:01]} {[%emt 00:08:28]}
d6 {[%clk 01:30:16]} {[%emt 00:01:00]} 9. h3 {[%clk 01:07:54]} {[%emt
00:01:37]} Nbd7 {[%clk 01:29:27]} {[%emt 00:01:20]} 10. a3 {[%clk 01:05:25]}
{[%emt 00:02:59]} Bxc3 {[%clk 01:28:37]} {[%emt 00:01:20]} 11. Bxc3 {[%clk
01:05:29]} {[%emt 00:00:26]} Nc5 {[%clk 01:28:53]} {[%emt 00:00:13]} 12. Qe2
{[%clk 01:04:54]} {[%emt 00:01:04]} b5 {[%clk 01:27:03]} {[%emt 00:02:21]} 13.
Bb4 {[%clk 01:01:04]} {[%emt 00:04:21]} Qc7 {[%clk 01:26:30]} {[%emt 00:01:02]}
14. Qe3 {[%clk 00:51:34]} {[%emt 00:10:00]} Ne6 {[%clk 01:16:54]} {[%emt
00:10:06]} 15. O-O {[%clk 00:49:43]} {[%emt 00:02:22]} Bb7 {[%clk 01:10:23]}
{[%emt 00:07:01]} 16. Nd2 {[%clk 00:46:30]} {[%emt 00:03:42]} Bc6 {[%clk
01:00:07]} {[%emt 00:10:46]} 17. c4 {[%clk 00:44:24]} {[%emt 00:02:36]} a5
{[%clk 00:50:49]} {[%emt 00:09:48]} 18. cxb5 {[%clk 00:42:10]} {[%emt
00:02:44]} axb4 {[%clk 00:50:51]} {[%emt 00:00:28]} 19. bxc6 {[%clk 00:39:02]}
{[%emt 00:03:39]} bxa3 {[%clk 00:51:06]} {[%emt 00:00:14]} 20. bxa3 {[%clk
00:38:20]} {[%emt 00:01:12]} Qxc6 {[%clk 00:51:21]} {[%emt 00:00:15]} 21. Rfc1
{[%clk 00:37:40]} {[%emt 00:01:10]} Nc5 {[%clk 00:44:43]} {[%emt 00:07:07]} 22.
f3 {[%clk 00:31:16]} {[%emt 00:06:56]} Rfb8 {[%clk 00:30:23]} {[%emt 00:14:50]}
23. Bc4 {[%clk 00:17:29]} {[%emt 00:14:16]} Qa4 {[%clk 00:27:39]} {[%emt
00:03:14]} 24. Qc3 {[%clk 00:14:12]} {[%emt 00:03:46]} g6 {[%clk 00:24:30]}
{[%emt 00:03:41]} 25. Rc2 {[%clk 00:10:24]} {[%emt 00:04:17]} Rc8 {[%clk
00:17:42]} {[%emt 00:07:18]} 26. Rb2 {[%clk 00:10:12]} {[%emt 00:00:42]} Qa7
{[%clk 00:17:54]} {[%emt 00:00:18]} 27. Kh1 {[%clk 00:10:13]} {[%emt 00:00:28]}
Na4 {[%clk 00:17:29]} {[%emt 00:00:56]} 28. Qc2 {[%clk 00:08:37]} {[%emt
00:02:06]} Nxb2 {[%clk 00:16:54]} {[%emt 00:01:05]} 29. Qxb2 {[%clk 00:09:01]}
{[%emt 00:00:05]} Rc7 {[%clk 00:14:27]} {[%emt 00:02:58]} 30. a4 {[%clk
00:08:50]} {[%emt 00:00:42]} Rac8 {[%clk 00:13:33]} {[%emt 00:01:23]} 31. Bb3
{[%clk 00:07:45]} {[%emt 00:01:36]} Qa5 {[%clk 00:12:33]} {[%emt 00:01:28]} 32.
Kh2 {[%clk 00:05:10]} {[%emt 00:03:06]} Nd7 {[%clk 00:08:39]} {[%emt 00:04:24]}
33. h4 {[%clk 00:03:56]} {[%emt 00:01:44]} Kg7 {[%clk 00:06:37]} {[%emt
00:02:31]} 34. Kh3 {[%clk 00:03:51]} {[%emt 00:00:36]} h5 {[%clk 00:05:47]}
{[%emt 00:01:20]} 35. Kh2 {[%clk 00:04:12]} {[%emt 00:00:09]} Nc5 {[%clk
00:05:42]} {[%emt 00:00:36]} 36. Nc4 {[%clk 00:04:23]} {[%emt 00:00:18]} Qa6
{[%clk 00:05:36]} {[%emt 00:00:34]} 37. a5 {[%clk 00:03:22]} {[%emt 00:01:33]}
Nxb3 {[%clk 00:05:55]} {[%emt 00:00:11]} 38. Nb6 {[%clk 00:03:20]} {[%emt
00:00:32]} Nxa1 {[%clk 00:06:14]} {[%emt 00:00:11]} 0-1

[Event "ODJM B 2023"]
[Site "Willingen GER"]
[Date "2023.05.28"]
[Round "2"]
[White "Andrade, Ruben"]
[Black "Schächtelin, Jakob"]
[Result "1-0"]
[Termination "normal"]
[Board "2"]
[WhiteElo "1753"]
[BlackElo "1468"]
[WhiteClock "00:03:32"]
[BlackClock "01:29:43"]
[PlyCount "145"]
[WhiteFideId "16246829"]
[BlackFideId "34620834"]
[EventCountry "GER"]
[EventRounds "9"]
[EventType "swiss"]
[EventDate "2023.05.27"]

1. e4 {[%clk 01:30:58]} {[%emt 00:00:01]} e5 {[%clk 01:30:54]} {[%emt
00:00:06]} 2. Nf3 {[%clk 01:31:25]} {[%emt 00:00:03]} Nc6 {[%clk 01:31:20]}
{[%emt 00:00:05]} 3. Bc4 {[%clk 01:31:51]} {[%emt 00:00:04]} Nf6 {[%clk
01:31:43]} {[%emt 00:00:07]} 4. d3 {[%clk 01:32:07]} {[%emt 00:00:14]} Bc5
{[%clk 01:32:04]} {[%emt 00:00:08]} 5. c3 {[%clk 01:32:32]} {[%emt 00:00:05]}
O-O {[%clk 01:32:24]} {[%emt 00:00:10]} 6. Bb3 {[%clk 01:32:19]} {[%emt
00:00:43]} d5 {[%clk 01:31:01]} {[%emt 00:01:53]} 7. Nbd2 {[%clk 01:30:59]}
{[%emt 00:01:50]} dxe4 {[%clk 01:30:14]} {[%emt 00:01:18]} 8. dxe4 {[%clk
01:30:41]} {[%emt 00:00:48]} Bg4 {[%clk 01:29:13]} {[%emt 00:01:31]} 9. Qe2
{[%clk 01:30:40]} {[%emt 00:00:31]} Re8 {[%clk 01:28:21]} {[%emt 00:01:21]} 10.
Bxf7+ {[%clk 01:27:51]} {[%emt 00:03:20]} Kxf7 {[%clk 01:28:26]} {[%emt
00:00:25]} 11. Qc4+ {[%clk 01:28:16]} {[%emt 00:00:05]} Kf8 {[%clk 01:28:05]}
{[%emt 00:00:50]} 12. Qxc5+ {[%clk 01:28:26]} {[%emt 00:00:21]} Kg8 {[%clk
01:28:13]} {[%emt 00:00:21]} 13. O-O {[%clk 01:20:24]} {[%emt 00:08:31]} Kh8
{[%clk 01:26:09]} {[%emt 00:02:35]} 14. Qc4 {[%clk 01:06:00]} {[%emt 00:14:54]}
Qd7 {[%clk 01:23:45]} {[%emt 00:02:54]} 15. Re1 {[%clk 01:04:20]} {[%emt
00:02:10]} a6 {[%clk 01:23:22]} {[%emt 00:00:53]} 16. h3 {[%clk 01:03:20]}
{[%emt 00:01:29]} Be6 {[%clk 01:23:10]} {[%emt 00:00:42]} 17. Qe2 {[%clk
01:03:26]} {[%emt 00:00:24]} Rf8 {[%clk 01:20:57]} {[%emt 00:02:44]} 18. Nf1
{[%clk 01:02:06]} {[%emt 00:01:50]} Rad8 {[%clk 01:20:47]} {[%emt 00:00:41]}
19. Bg5 {[%clk 01:00:53]} {[%emt 00:01:41]} Qf7 {[%clk 01:18:51]} {[%emt
00:02:26]} 20. b3 {[%clk 00:56:23]} {[%emt 00:05:01]} h6 {[%clk 01:16:07]}
{[%emt 00:03:14]} 21. Bh4 {[%clk 00:50:51]} {[%emt 00:06:02]} Rd6 {[%clk
01:14:10]} {[%emt 00:02:28]} 22. Bg3 {[%clk 00:46:48]} {[%emt 00:04:31]} Nd7
{[%clk 01:13:42]} {[%emt 00:00:58]} 23. N1h2 {[%clk 00:44:40]} {[%emt
00:02:38]} Qg6 {[%clk 01:11:23]} {[%emt 00:02:50]} 24. Rad1 {[%clk 00:40:03]}
{[%emt 00:05:06]} Rxd1 {[%clk 01:10:23]} {[%emt 00:01:31]} 25. Rxd1 {[%clk
00:40:23]} {[%emt 00:00:10]} Nf6 {[%clk 01:08:42]} {[%emt 00:02:11]} 26. Re1
{[%clk 00:32:02]} {[%emt 00:08:50]} Nh5 {[%clk 01:06:54]} {[%emt 00:02:18]} 27.
Nf1 {[%clk 00:21:03]} {[%emt 00:11:29]} Nxg3 {[%clk 01:04:55]} {[%emt
00:02:30]} 28. Nxg3 {[%clk 00:21:24]} {[%emt 00:00:08]} Qf7 {[%clk 01:04:27]}
{[%emt 00:00:58]} 29. Nh2 {[%clk 00:18:31]} {[%emt 00:03:23]} Ne7 {[%clk
01:04:35]} {[%emt 00:00:24]} 30. Ng4 {[%clk 00:18:04]} {[%emt 00:00:55]} Ng6
{[%clk 01:04:36]} {[%emt 00:00:28]} 31. Qd2 {[%clk 00:11:23]} {[%emt 00:07:12]}
Bxg4 {[%clk 01:03:34]} {[%emt 00:01:32]} 32. hxg4 {[%clk 00:11:48]} {[%emt
00:00:05]} Nf4 {[%clk 01:03:57]} {[%emt 00:00:08]} 33. Nf5 {[%clk 00:10:43]}
{[%emt 00:01:33]} Qg6 {[%clk 01:03:11]} {[%emt 00:01:17]} 34. f3 {[%clk
00:06:38]} {[%emt 00:04:35]} h5 {[%clk 01:02:22]} {[%emt 00:01:19]} 35. gxh5
{[%clk 00:06:01]} {[%emt 00:01:07]} Qxh5 {[%clk 01:02:42]} {[%emt 00:00:10]}
36. g4 {[%clk 00:02:07]} {[%emt 00:04:24]} Qg5 {[%clk 01:02:15]} {[%emt
00:00:57]} 37. Qh2+ {[%clk 00:01:50]} {[%emt 00:00:47]} Kg8 {[%clk 01:02:36]}
{[%emt 00:00:10]} 38. Rd1 {[%emt 00:02:50]} Rd8 {[%clk 01:00:51]} 39. Rxd8+
{[%clk 00:00:57]} {[%emt 00:01:17]} Qxd8 {[%clk 01:01:15]} {[%emt 00:00:06]}
40. Qc2 {[%clk 00:00:51]} {[%emt 00:00:35]} g6 {[%clk 01:01:28]} {[%emt
00:00:18]} 41. Ng3 {[%clk 00:27:24]} {[%emt 00:03:56]} Qh4 {[%clk 01:31:35]}
{[%emt 00:00:25]} 42. Qh2 {[%clk 00:27:37]} {[%emt 00:00:16]} Ne2+ {[%clk
01:30:21]} {[%emt 00:01:44]} 43. Qxe2 {[%clk 00:26:56]} {[%emt 00:01:11]} Qxg3+
{[%clk 01:30:46]} {[%emt 00:00:05]} 44. Kf1 {[%clk 00:27:14]} {[%emt 00:00:12]}
Qh3+ {[%clk 01:30:43]} {[%emt 00:00:33]} 45. Ke1 {[%clk 00:27:06]} {[%emt
00:00:38]} Qh1+ {[%clk 01:30:42]} {[%emt 00:00:31]} 46. Qf1 {[%clk 00:21:46]}
{[%emt 00:05:49]} Qh4+ {[%clk 01:31:03]} {[%emt 00:00:10]} 47. Kd2 {[%clk
00:21:47]} {[%emt 00:00:29]} Qh2+ {[%clk 01:31:24]} {[%emt 00:00:09]} 48. Qe2
{[%clk 00:22:12]} {[%emt 00:00:05]} Qf4+ {[%clk 01:31:46]} {[%emt 00:00:08]}
49. Kc2 {[%clk 00:22:38]} {[%emt 00:00:04]} c6 {[%clk 01:31:40]} {[%emt
00:00:36]} 50. a4 {[%clk 00:22:37]} {[%emt 00:00:31]} b5 {[%clk 01:31:43]}
{[%emt 00:00:28]} 51. a5 {[%clk 00:19:01]} {[%emt 00:04:06]} Qf8 {[%clk
01:31:18]} {[%emt 00:00:54]} 52. Qd3 {[%clk 00:14:05]} {[%emt 00:05:26]} Qc5
{[%clk 01:28:48]} {[%emt 00:03:00]} 53. Qd8+ {[%clk 00:11:46]} {[%emt
00:02:49]} Kg7 {[%clk 01:28:59]} {[%emt 00:00:19]} 54. Qb6 {[%clk 00:07:55]}
{[%emt 00:04:22]} Qa3 {[%clk 01:29:10]} {[%emt 00:00:18]} 55. Qc7+ {[%clk
00:07:26]} {[%emt 00:00:59]} Kg8 {[%clk 01:29:10]} {[%emt 00:00:30]} 56. Qxe5
{[%clk 00:06:35]} {[%emt 00:01:21]} Qa2+ {[%clk 01:29:32]} {[%emt 00:00:09]}
57. Kd3 {[%clk 00:06:17]} {[%emt 00:00:47]} Qxb3 {[%clk 01:29:06]} {[%emt
00:00:57]} 58. Qe8+ {[%clk 00:05:50]} {[%emt 00:00:56]} Kg7 {[%clk 01:29:09]}
{[%emt 00:00:27]} 59. Qd7+ {[%clk 00:05:19]} {[%emt 00:01:01]} Kh6 {[%clk
01:28:59]} {[%emt 00:00:40]} 60. Qxc6 {[%clk 00:05:17]} {[%emt 00:00:32]} Qd1+
{[%clk 01:28:59]} {[%emt 00:00:30]} 61. Ke3 {[%clk 00:05:40]} {[%emt 00:00:07]}
Qg1+ {[%clk 01:29:07]} {[%emt 00:00:22]} 62. Kd2 {[%clk 00:05:00]} {[%emt
00:01:09]} Qf2+ {[%clk 01:29:23]} {[%emt 00:00:15]} 63. Kc1 {[%clk 00:05:22]}
{[%emt 00:00:07]} Qe1+ {[%clk 01:29:21]} {[%emt 00:00:33]} 64. Kb2 {[%clk
00:05:06]} {[%emt 00:00:46]} Qd2+ {[%clk 01:29:42]} {[%emt 00:00:09]} 65. Kb3
{[%clk 00:05:17]} {[%emt 00:00:17]} Qd1+ {[%clk 01:29:39]} {[%emt 00:00:35]}
66. Kb4 {[%clk 00:05:31]} {[%emt 00:00:15]} Qa4+ {[%clk 01:29:57]} {[%emt
00:00:13]} 67. Kc5 {[%clk 00:05:55]} {[%emt 00:00:04]} Qxa5 {[%clk 01:30:08]}
{[%emt 00:00:20]} 68. Qf6 {[%clk 00:03:23]} {[%emt 00:03:02]} Qc7+ {[%clk
01:29:48]} {[%emt 00:00:51]} 69. Kd4 {[%clk 00:03:19]} {[%emt 00:00:32]} Qc4+
{[%clk 01:29:59]} {[%emt 00:00:20]} 70. Ke3 {[%clk 00:03:37]} {[%emt 00:00:11]}
Qc5+ {[%clk 01:30:00]} {[%emt 00:00:31]} 71. Kf4 {[%clk 00:03:32]} {[%emt
00:00:34]} Qc7+ {[%clk 01:29:41]} {[%emt 00:00:50]} 72. e5 {[%clk 00:03:16]}
{[%emt 00:00:46]} Qxc3 {[%clk 01:29:43]} {[%emt 00:00:28]} 73. Qh8# {[%clk
00:03:32]} 1-0